| 000 | 00507nam a22001577a 4500 | ||
|---|---|---|---|
| 999 |
_c19763 _d19763 |
||
| 008 | 240319b ||||| |||| 00| 0 eng d | ||
| 020 | _a013942038X | ||
| 082 |
_aDC 973 _bUn3 1989 |
||
| 100 |
_aUnger, Irwin _955037 |
||
| 245 |
_aThese United States : _bthe questions of our past / _cIrwin Unger. |
||
| 260 |
_aNew Jersey : _bPrentice Hall, _c©1989. |
||
| 300 |
_axii, 480 pages : _bcolor illustrations ; _c25 cm. |
||
| 500 | _aIncludes index. | ||
| 650 |
_zUnited States _xHistory. _955038 |
||
| 942 |
_2ddc _cDC |
||